000 00343 a2200169 4500
001 186213
020 _a85-08-05360-6
040 _cMagnum
100 _aFrança, Mary
240 1 0 _aFábulas 2
_lpor
245 1 0 _aFábulas 2
300 _a32
362 0 _a1996
440 1 _aÁtica
697 _aLITERATURA INFANTO-JUVENIL
942 _cBK
999 _c186213
_d186213